Представление документа в формате RUSMARC

ПолеНазваниеЗначение
  Тип записи a
  Библиографический уровень m
001 Контрольный номер b1badfa398364b198caea0700e4d9db4
005 Дата корректировки 20140528135429.9
010 Индекс ISBN __
a ISBN 978-5-394-01044-6
101 Язык документа 0_
a Язык текста rus
102 Страна публикации __
a Страна публикации RU
200 Заглавие и сведения об ответственности 1_
a Заглавие Налоговое администрирование
e Сведения, относящиеся к заглавию учеб. для вузов
f Первые сведения об ответственности Н. А. Дорофеева, А. В. Брилон , Н. В. Брилон
210 Выходные данные 1_
c Издательство Дашков и К
a Место издания М.
d Дата издания 2010
215 Физическое описание __
a Объем 294, [2] с.
300 Общие примечания __
a Общие примечания гриф
610 Ключевые слова 0_
a Ключевые слова налоговое администрирование
610 Ключевые слова 0_
a Ключевые слова налоговый патенциал
610 Ключевые слова 0_
a Ключевые слова налоговые органы
610 Ключевые слова 0_
a Ключевые слова государственное управление
610 Ключевые слова 0_
a Ключевые слова внутренний аудит
610 Ключевые слова 0_
a Ключевые слова законодательство
610 Ключевые слова 0_
a Ключевые слова налогообложение
610 Ключевые слова 0_
a Ключевые слова налоговые обязательства
610 Ключевые слова 0_
a Ключевые слова залог имущества
610 Ключевые слова 0_
a Ключевые слова поручительство
610 Ключевые слова 0_
a Ключевые слова пеня
610 Ключевые слова 0_
a Ключевые слова арест имущества
610 Ключевые слова 0_
a Ключевые слова налогоплательщики
610 Ключевые слова 0_
a Ключевые слова налоги
610 Ключевые слова 0_
a Ключевые слова сборы
610 Ключевые слова 0_
a Ключевые слова налоговые проверки
610 Ключевые слова 0_
a Ключевые слова взыскание недоимок
610 Ключевые слова 0_
a Ключевые слова налоговые правонарушения
610 Ключевые слова 0_
a Ключевые слова таможня
610 Ключевые слова 0_
a Ключевые слова таможенные платежи
610 Ключевые слова 0_
a Ключевые слова таможенная пошлина
610 Ключевые слова 0_
a Ключевые слова акцизы
610 Ключевые слова 0_
a Ключевые слова гриф
610 Ключевые слова 0_
a Ключевые слова учебник
686 Индексы других классификаций __
a Классификационный индекс 65.9(2)261.413я73
2 Код системы rubbk
700 Автор _1
a Фамилия Дорофеева
b Имя Н. А.
g Полное личное имя Надежда Андреевна
701 Альтернативная интеллектуальная ответственность _1
a Фамилия Брилон
b Имя А. В.
g Полное личное имя Андрей Валерьевич
701 Альтернативная интеллектуальная ответственность _1
a Фамилия Брилон
b Имя Н. В.
g Полное личное имя Наталья Валерьевна
801 Источник записи _0
a Страна RU
b Организация РУК
c Дата составления 20110628
g Правила каталогизации PSBO
801 Источник записи _1
a Страна RU
b Организация РУК
c Дата составления 20110628
g Правила каталогизации PSBO
852 Данные о местонахождении __
i Авторский знак Д 69
j Шифр хранения ББК 65.9(2)26
901 Тип документа __
t Тип документа m
938 Служебная информация __
a Название организации Головной вуз
b Имя БД BOOK
c Название АИБС АИБС ИРБИС
952 Тип литературы __
b Гриф литературы для ВШ гриф